=LDR 00000nam 2200000 4500 =001 INLIS000000000017821 =005 20130612113030 =008 ***********************************Ind** =035 ##$$0010-061300000017821 =041 ##$$a Ind =082 ##$$a R.344.010 26 =090 ##$$a R.344.010 26, Ind h =100 ##$$a Indonesia.[Peraturan Perundang-undangan, dsb] =245 ##$$a Himpunan perundang-undangan RI tentang ketenagakerjaan UURI no.13 Th.2003 beserta penjelasannya =260 ##$$a 2005 $b Bandung =300 ##$$a 296 hlm, 19 cm =650 ##$$a Tenaga Kerja-UU dan peraturan =850 ##$$a NBPNMAT